Tecnologia industrial / (Record no. 129096)
[ view plain ]
| 000 -LEADER | |
|---|---|
| campo de control de longitud fija | 00922nam a2200193 i 4500 |
| 001 - NÚMERO DE CONTROL | |
| campo de control | 129096 |
| 003 - IDENTIFICADOR DE NÚMERO DE CONTROL | |
| campo de control | ES-MaACL |
| 005 - FECHA Y HORA DE LA ÚLTIMA TRANSACCIÓN | |
| campo de control | 20250729001317.0 |
| 007 - CAMPO FIJO DE DESCRIPCIÓN FÍSICA--INFORMACIÓN GENERAL | |
| campo de control de longitud fija | t| |
| 008 - DATOS DE LONGITUD FIJA--INFORMACIÓN GENERAL | |
| campo de control de longitud fija | 070605m19561957sp ||||1| spa d |
| 245 00 - MENCIÓN DEL TÍTULO | |
| Título | Tecnologia industrial / |
| Mención de responsabilidad, etc. | versión española de Vicente López Navarro. |
| 260 ## - PUBLICACIÓN, DISTRIBUCIÓN, ETC. | |
| Lugar de publicación, distribución, etc. | Madrid : |
| Nombre del editor, distribuidor, etc. | Aguilar, |
| Fecha de publicación, distribución, etc. | 1956-1957. |
| 300 ## - DESCRIPCIÓN FÍSICA | |
| Extensión | 7 v. : |
| Otras características físicas | il. ; |
| Dimensiones | 21 cm. |
| 505 8# - NOTA DE CONTENIDO CON FORMATO | |
| Nota de contenido con formato | Contiene: v.I.-- Instrumentos de medida, verificación y tratado. v.II.-- Utiles de fijación, taladro, roscado y acabado. v.III.-- Máquinas, herramientas y montaje. v.IV.-- Materiales metálicos y no metálicos. v.V.-- Trabajo de los metales. Ensayo, protección y soldadura. v. VI.-- Normalización. v.VII.-- Organos de transmisión, protección contra los accidentes. |
| 650 07 - PUNTO DE ACCESO ADICIONAL DE MATERIA--TÉRMINO DE MATERIA | |
| Término de materia o nombre geográfico como elemento de entrada | Tecnología |
| Fuente del encabezamiento o término | embne |
| 9 (RLIN) | 17398 |
| 700 1# - ENTRADA AGREGADA--NOMBRE PERSONAL | |
| Nombre de persona | López Navarro, Vicente. |
| 9 (RLIN) | 73824 |
| 852 ## - LOCALIZACIÓN | |
| Ubicación | ES-MaACL |
| Número de control de estantería | P-730 |
| Sublocalización o colección | R.40257 |
| Estatus retirado | Estado de pérdida | Estado de daño | No para préstamo | Biblioteca de origen | Biblioteca actual | Ubicación en estantería | Fecha de adquisición | Fuente de adquisición | Total de préstamos | Signatura topográfica completa | Código de barras | Visto por última vez | Precio de reemplazo | Tipo de ítem Koha |
|---|---|---|---|---|---|---|---|---|---|---|---|---|---|---|
| Biblioteca del Ateneo de Madrid | Biblioteca del Ateneo de Madrid | Depósito 2 | 17/01/2008 | P-730 | 1134437 | 23/02/2023 | 23/02/2023 | Libro impreso |
